Construcción de invernaderos /
Guardado en:
| Autor Principal: | |
|---|---|
| Formato: | Libro |
| Publicado: |
Madrid :
Mundi-prensa,
2005
|
| Edición: | 3a. ed. |
| Materias: | |
| Etiquetas: |
Agregar Etiqueta
Sin Etiquetas, Sea el primero en etiquetar este registro!
|
| LEADER | 01140nam a22002175a 4500 | ||
|---|---|---|---|
| 001 | CEM.cems017570 | ||
| 005 | 20110517081902.0 | ||
| 008 | 130507s2005##################000#0#####d | ||
| 003 | CEMS | ||
| 020 | |a 8484762513 | ||
| 082 | 0 | 4 | |a 631.2 |
| 100 | 1 | |a Serrano Cermeño, Zoilo | |
| 245 | 1 | 0 | |a Construcción de invernaderos / |c Zoilo Serrano Cermeño |
| 250 | |a 3a. ed. | ||
| 260 | |a Madrid : |b Mundi-prensa, |c 2005 | ||
| 300 | |a 504 p. | ||
| 505 | 0 | |a Fundamentos técnicos (físicos climáticos) de los invernaderos -- Generalidades -- Tipos de invernaderos -- Tipos de estructuras -- Materiales utilizados como cubiertas -- Sujeción del plástico -- Cimentación, anclaje y protección -- Ventanas y puertas -- Algunos detalles constructivos -- Construcción de una macrotúnel -- Invernadero de madera -- Invernadero tipo canarias -- Invernadero de hormigón -- Invernadero parral -- Invernadero túnel - Invernadero bi-túnel -- Invernadero multi-túnel -- Invernadero enterrado | |
| 653 | |a Invernaderos | ||
| 653 | |a Invernadero-construcción | ||
| 653 | |a Instalaciones rurales | ||
| 859 | |a CEMS |b BIB. CEMS - Agricultura |h 631.2 |i Se68a3 |p A1380.11 |t Ej.1 | ||
